| 000 | 01378nam2a2200265 4500 | ||
|---|---|---|---|
| 001 | RU\NLR\BIBL_A\022748937 | ||
| 005 | 20260324132450.0 | ||
| 010 |
_a978-5-389-29947-4 _96000 |
||
| 021 |
_aRU _bАЛ-П-26-00085и _9АЛ-П-26-0010 |
||
| 035 | _a(NLR Aleph) 022748937 | ||
| 090 |
_a13633840 _c13633840 |
||
| 100 | _a20260310d2026 u y0rusy50 ca | ||
| 101 | 1 |
_arus _cjpn |
|
| 102 | _aRU | ||
| 105 | _aa t 000ay | ||
| 200 | 1 |
_aНаруто против Итати _f[перевод с японского Даниила Шлобина] |
|
| 210 | _d2026 (печ. 2025) | ||
| 215 |
_a580, [11] с. _cил. |
||
| 327 | 1 | _aСодерж.: Т. 58: Наруто против Итати; Т. 59: Пятеро кагэ, общий сбор!; Т. 60: Курама!!! | |
| 461 | 0 |
_1001RU\NLR\BIBL_A\012568078 _12001#$aНаруто$e[манга]$fМасаси Кисимото$g[перевод с японского Екатерины Рябовой, Наталии Саватюгиной]$vКн. 20 _1700#1$aКисимото$bМ.$f1974-$gМасаси$3RU\NLR\AUTH\7784335 _912482229 _aКисимото, М. (1974-) _cСанкт-Петербург [и др.] _d2021- _fМасаси Кисимото _nАзбука [и др.] _o[манга] _tНаруто _vКн. 20 |
|
| 942 | _cBOOK | ||
| 980 | _aNB | ||